000 00603nam a2200205 a 4500
001 51344
003 AR-BaAGN
007 ta
008 s1967 ag |||||r|||| ||| ||spa d
040 _aAR-BaAGN
_bspa
_eaacr
100 1 _aRizzo Romano, Alfredo H.
245 1 0 _aLa cuestión de límites con la República de Chile en la zona del Canal de Beagle /
_cAlfredo H. Rizzo Romano.
260 _aRawson :
_bInstituto de Estudios Superiores,
_c1967.
300 _a93 páginas
336 _btxt
_2rdacontent
337 _bn
_2rdamedia
338 _bnc
_2rdacarrier
942 _cLIBRO
005 20230829135511.0
999 _c51344
_d51344